000 00776nam0a22002531 4500
001 rc\2779008
005 20250806205304.0
035 _a(NLR Aleph) 006905259
090 _a33443
_c33443
100 _a20110915d1942 u y0rusy50 ca
101 0 _arus
102 _aRU
105 _ay z |||c|
200 1 _aМудрые руки
_e[Очерк]
_fС. Заречная
210 _aКуйбышев
_cОГИЗ. Гослитиздат
_d1942
215 _a26, [2] с.
_d20 см.
700 1 _aЗаречная
_bС.А.
_f1887-
_gСофья Абрамовна
801 0 _aRU
_bNLR
_gpsbo
801 1 _aRU
_bELAR
_2rusmarc
852 _aNLR
_jМд02 Г-4/12
942 _cBOOK
945 _aРоссийская национальная библиотека
980 _aNB
980 _aBV